000 002750000a22000970004500
100 1 _aTallach, John
245 1 0 _aPlacing reason on the stool of wonderment
300 _aVol. 8, Num. 1 (1990), Páginas 43-54
773 0 _tScottish Bulletin of Evangelical Theology
942 _cANA
999 _c55677
_d55677